000 01876cam a22005054i 4500
003 PE-LiUPU
005 20250731173114.0
008 190311s2016 gw rb 001 0 eng d
020 _a9004331735
020 _a9789004331730
035 _a(Sirsi) a251929
040 _aPE-LiUPU
_bspa
_cPE-LiUPU
_erda
049 _aPRUA
082 0 4 _a232.906
_bH72
_223
100 1 _aHomolka, Walter,
_eautor.
245 1 0 _aJewish Jesus research and its challenge to Christology today /
_cWalter Homolka.
264 1 _aLeiden, Boston :
_bBrill,
_c2016.
300 _a180 páginas ;
_c31 centímetros
336 _atext
_2rdacontent
337 _aunmediated
_2rdamedia
338 _avolume
_2rdacarrier
504 _aBibliografía: páginas 141-169.
504 _aÍndice: páginas 170-180.
505 0 _aHistorical Jesus Research: A Reception History -- The Jewish Jesus Quest and the Wissenschaft des Judentums -- Reclaimed or Reclaiming? Recent Jewish Approaches to Jesus's Wirkungsgeschichte -- Jewish Quests and Christian Problems.
526 _aSEG42
526 _aSEG41
526 _aSEG40
526 _aSEG39
526 _aP94
526 _aP87
526 _aP86
526 _aP85
526 _aP77
526 _aP76
526 _aP35
650 0 7 _aHistoricity of Jesus Christ
_2fast
_0(OCoLC)fst01353218.
650 0 7 _aInterfaith relations
_2fast
_0(OCoLC)fst01353343.
650 0 7 _aJewish interpretations of Jesus Christ
_2fast
_0(OCoLC)fst01353462.
910 _aadm
_bksl
_cksl
_d20190311
942 _2ddc
_cBOOK
994 _aC0
_bPEPRU
596 _a1
999 _a232.906 H72
_wDEWEY
_c31190
_i80020
_f2021-11-10
_g3
_lCCODEBUL1
_mBUL
_p113.02
_r0
_sY
_tBOOK
_u2019-3-11
_xTEOLOGIA
_PP35
_0COMPRA
_o.STAFF. Colección Teología
_d31190
980 _81
_gALBERTO SANCHEZ Responsable de Automatización